| 000 | 00479nam a22001577a 4500 | ||
|---|---|---|---|
| 005 | 20251030133521.0 | ||
| 008 | 251030b |||||||| |||| 00| 0 eng d | ||
| 020 | _a9780395770368 | ||
| 050 |
_aRT86.3 _b.F384 |
||
| 100 | _aFaulkner, Ann B. | ||
| 245 |
_aReading Strategies for Nursing and Allied Health _cAnn B. Faulkner & Dana K. Stahl |
||
| 260 |
_aBoston _bHoughton Mifflin Company _c1999 |
||
| 300 |
_axvi. 297p. _bill. _c28cm |
||
| 700 | _aStahl, Dana K. | ||
| 942 |
_2lcc _cBK _n0 |
||
| 999 |
_c7961 _d7961 |
||